Pertaining to Animals - Statistics

General Stats
  • This quiz has been taken 51 times
  • The average score is 18 of 24
Answer Stats
Word Animal % Correct
Feline Cat
100%
Canine Dog
100%
Piscine Fish
100%
Equine Horse
100%
Ursine Bear
95%
Bovine Cow
95%
Lupine Wolf
95%
Avine Bird
90%
Leonine Lion
90%
Porcine Pig
88%
Ovine Sheep
86%
Vulpine Fox
79%
Lapine Rabbit
74%
Cetacean Whale
74%
Caprine Goat
71%
Cervine Deer
69%
Corvine Crow
62%
Gallinaceous Chicken
50%
Anguine Snake
50%
Aquiline Eagle
45%
Vespine Wasp
43%
Murine Rodent
36%
Anserine Goose
31%
Strigine Owl
26%
No matching quizzes found
Score Distribution
Percent of People with Each Score
Percentile by Number Answered
Your Score History
You have not taken this quiz